Annual Edition, Computers in Society, (Record no. 5831)

MARC details
005 - DATE AND TIME OF LATEST TRANSACTION
control field 20250628070341.0
020 ## - INTERNATIONAL STANDARD BOOK NUMBER
International Standard Book Number 13: 978-0-07-342848-9
082 ## - DEWEY DECIMAL CLASSIFICATION NUMBER
Classification number 658.05 ANN
100 ## - MAIN ENTRY--PERSONAL NAME
Author name ANNUAL EDITION, COMPUTERS IN SOCIETY,
245 ## - TITLE STATEMENT
Title Annual Edition, Computers in Society,
250 ## - EDITION STATEMENT
Edition statement 4th Ed.
260 ## - PUBLICATION, DISTRIBUTION, ETC.
Place of publication, distribution, etc. New York,
Name of publisher, distributor, etc. McGraw-Hill Companies,
Date of publication, distribution, etc. 2008.
300 ## - PHYSICAL DESCRIPTION
Extent xvi,; 220p:ill,; picture,
Other physical details Index,
Dimensions 27cm.
942 ## - ADDED ENTRY ELEMENTS (KOHA)
Source of classification or shelving scheme Dewey Decimal Classification
Koha item type Books
Holdings
Date last seen Total checkouts Full call number Barcode Cost, replacement price Price effective from Koha item type Lost status Source of classification or shelving scheme Damaged status Not for loan Withdrawn status Home library Current library Shelving location Date acquired Cost, normal purchase price
06/28/2025   658.05 ANN DOM0002445 105000.00 06/28/2025 Books   Dewey Decimal Classification       CBE Dodoma CBE Dodoma General Collection 04/26/2010 35000.00
06/28/2025   658.05 ANN DOM0002440 105000.00 06/28/2025 Books   Dewey Decimal Classification       CBE Dodoma CBE Dodoma General Collection 04/26/2010 35000.00
06/28/2025   658.05 ANN DOM0002198 105000.00 06/28/2025 Books   Dewey Decimal Classification       CBE Dodoma CBE Dodoma General Collection 04/26/2010 35000.00